000 00273nam a2200109Ia 4500
008 231212s1983 xx 000 0 und d
041 _aeng
082 _a621.3815`4
100 _aGaonkar
245 _aMicroprocessor Architecture Prog.
260 _aCOlifornia
_bMc Graw
_c1983
999 _c959888
_d959888